Osobnosť učiteľa ekonomických predmetov na prelome tisícročí zborník z medzinárodnej konferencie 24.-25. mája 1999

Salvato in:
Dettagli Bibliografici
Altri autori: Kompoltová, Soňa, Velichová, Ľudmila
Natura: Libro
Lingua:slovacco
ceco
tedesco
Pubblicazione: Bratislava Ekonomická univerzita FNH 1999
Soggetti:
Tags: Aggiungi Tag
Nessun Tag, puoi essere il primo ad aggiungerne!!

MARC

LEADER 00000nam a2200000 4500
001 c117173
005 20221123133240.8
041 0 |a slo 
041 0 |a cze 
041 0 |a ger 
044 |a SK 
245 1 0 |a Osobnosť učiteľa ekonomických predmetov na prelome tisícročí  |b zborník z medzinárodnej konferencie 24.-25. mája 1999  |c [Zostav. Soňa Kompoltová, Ľudmila Velichová] 
264 1 |a Bratislava  |b Ekonomická univerzita FNH  |c 1999 
300 |a 138 s. 
610 2 0 |a učitelia 
610 2 0 |a predmety učebné 
610 2 0 |a prednášatelia 
610 2 0 |a osobnosť 
610 2 0 |a školy vysoké 
610 2 0 |a školy vysoké odborné 
610 2 0 |a etika 
610 2 0 |a príprava odborná 
610 2 0 |a pedagogika 
610 2 0 |a ekonómia 
610 2 0 |a ekonómovia 
610 2 0 |a tvorivosť vedecká 
700 1 |a Kompoltová, Soňa 
700 1 |a Velichová, Ľudmila